Un río son miles de gotas: la capacitación en las radios comunitarias

Esta publicación se propone compartir reflexiones, preguntas y experiencias para contribuir a que nuevas radios gesten sus propias estrategias de capacitación. Para que los nuevos aprendizajes estén cada vez más relacionados con las preguntas que inquietan a las radios. Para que el conocimiento gene...

Full description

Bibliographic Details
Main Author: Kejval, Larisa
Corporate Authors: Asociación Mundial de Radios Comunitarias América Latina y el Caribe, Interconexiones Cono Sur
Other Authors: Castello, Paula, Tordini, Ximena
Format: Libro
Language:Spanish
Published: Buenos Aires: UNESCO, Servicio de Iglesias Evangélica en Alemania para el desarrollo, 2006.
Subjects:
Online Access:Acceso electrónico al documento

MARC

LEADER 00000cam a22000007a 4500
003 UAHC
005 20180926160852.0
008 180925s2006 ag |||| |||| 00| 0 spa d
952 |0 0  |1 0  |2 ddc  |4 0  |6 302_200000000000000_KEJ  |7 0  |8 COMP  |9 90659  |a BC  |b BC  |c General  |d 2018-09-25  |e Donación  |g 6000.00  |l 0  |o 302.2 KEJ  |p 1442884  |r 2026-01-07 00:00:00  |t c.1  |v 6000.00  |w 2018-09-25  |y BK  |B TSOC 
999 |c 51224  |d 51224 
020 |a 9872235015 
020 |a 9789872235017 
035 |a CENTRAL 
040 |a UAHC_CL  |c UAHC_CL  |d UAHC_CL 
082 |2 21  |a 302.2  |b K28 
100 |9 4975  |a Kejval, Larisa 
110 |9 4979  |a Asociación Mundial de Radios Comunitarias América Latina y el Caribe 
245 |a Un río son miles de gotas:  |b la capacitación en las radios comunitarias  |c Textos Larisa Kejval; Edición general: Paula Castello y Ximena Tordini; AMARC-ALC.; Interconexiones Cono Sur. 
260 |a Buenos Aires:  |b UNESCO,  |b Servicio de Iglesias Evangélica en Alemania para el desarrollo,  |c 2006. 
300 |a 63 p. 
520 |a Esta publicación se propone compartir reflexiones, preguntas y experiencias para contribuir a que nuevas radios gesten sus propias estrategias de capacitación. Para que los nuevos aprendizajes estén cada vez más relacionados con las preguntas que inquietan a las radios. Para que el conocimiento genere más consecuencias. Para profundizar el camino de la descentralización como modo de concebir la construcción de una red con múltiples nodos. Este texto está dirigido principalmente a los equipos de las radios que diseñan y desarrollan sus propias estrategias de formación y para aquellos que desean hacerlo. Esta publicación también puede ser una excusa para que los centros de comunicación y las redes que planifican programas o acciones de capacitación, para que los formadores y formadoras que ya tienen recorridos senderos en esta la aventura, vuelvan a mirar su tarea desde las perspectivas que aquí se presentan. Cada capítulo de este libro hace foco en un aspecto diferente de la capacitación en las radios comunitarias 
650 0 |9 4973  |a Radio en educación 
650 0 |9 4974  |a Radios comunitarias  |z América Latina 
700 |9 4980  |a Castello, Paula 
700 |9 4982  |a Tordini, Ximena 
710 |9 5000  |a Interconexiones Cono Sur. 
856 |u http://www.amarc.org/documents/manuals/Un_rio_son_miles_de_gotas.pdf  |y Acceso electrónico al documento 
942 |2 ddc  |c BK